[Event "WA Open 2019"]
[Site "?"]
[Date "2019.05.25"]
[Round "1"]
[White "Ignacio, Perez"]
[Black "Alex, Kaelin"]
[Result "1-0"]
[WhiteElo "2207"]
[BlackElo "1852"]
[PlyCount "37"]

1. d4 f5 2. c4 Nf6 3. Nc3 e6 4. Bg5 Be7 5. Qc2 d6 6. Nf3 O-O 7. e3 Nc6 8. O-O-O
Qe8 9. h4 a5 10. a3 a4 11. Bxf6 Bxf6 12. g4 fxg4 13. Ng5 Bxg5 14. hxg5 Qg6 15.
Bd3 Qxg5 16. Bxh7+ Kf7 17. Ne4 Qe7 18. c5 Na5 19. Nxd6+ 1-0

[Event "WA Open 2019"]
[Site "?"]
[Date "2019.05.25"]
[Round "1"]
[White "Tian, Sang"]
[Black "Sophie, Tien"]
[Result "1-0"]
[WhiteElo "2373"]
[BlackElo "1881"]
[PlyCount "65"]

1. e4 e5 2. Nf3 Nc6 3. Bb5 a6 4. Bxc6 dxc6 5. O-O Bg4 6. h3 h5 7. d3 Qf6 8.
Nbd2 Bc5 9. Nc4 Bxf3 10. Qxf3 Qxf3 11. gxf3 f6 12. f4 exf4 13. Bxf4 O-O-O 14.
Be3 Bxe3 15. Nxe3 Ne7 16. f4 g6 17. Rae1 Rhg8 18. Kh2 Rg7 19. Rg1 Rdg8 20. h4
f5 21. exf5 gxf5 22. Rg5 Rxg5 23. hxg5 b5 24. Kg3 Kd7 25. Ng2 Rg6 26. Rh1 Re6
27. Kf2 Nd5 28. Rxh5 Nb4 29. Ne3 Nd5 30. Rh7+ Kc8 31. Nxd5 cxd5 32. Rf7 Rc6 33.
c3 1-0

[Event "WA Open 2019"]
[Site "?"]
[Date "2019.05.25"]
[Round "1"]
[White "ADVAITH, VIJAYAKUMAR."]
[Black "Roland, Feng"]
[Result "0-1"]
[WhiteElo "1878"]
[BlackElo "2459"]
[PlyCount "74"]

1. d4 Nf6 2. c4 e6 3. Nf3 b6 4. g3 Be7 5. Bg2 d5 6. cxd5 exd5 7. O-O O-O 8. Nc3
Bb7 9. Bf4 a6 10. Rc1 Nbd7 11. Ne5 b5 12. Nxd7 Qxd7 13. Bxc7 Rac8 14. Bf4 Rc4
15. b3 Rc6 16. Qd3 Ba3 17. Rcd1 Rfc8 18. Bd2 Bb2 19. Nb1 Ne4 20. Bf4 b4 21.
Bxe4 dxe4 22. Qxe4 Rh6 23. d5 Rh5 24. f3 a5 25. g4 Rxd5 26. Rxd5 Bxd5 27. Qd3
Be6 28. Qxd7 Bxd7 29. Rd1 Be6 30. Bc7 a4 31. Rd8+ Rxd8 32. Bxd8 Bxb3 33. axb3
a3 34. Nxa3 bxa3 35. b4 a2 36. b5 a1=Q+ 37. Kg2 Qd1 0-1